[Event "España ch-2015 sub-16"]
[Site "Salobreña ESP"]
[Date "2015.07.20"]
[Round "1.23"]
[White "Portela Peleteiro, Alberto"]
[Black "Guerrero Mendez, Luis"]
[Result "1-0"]
[WhiteElo "2105"]
[BlackElo "1732"]
[PlyCount "49"]
[EventDate "2015.07.20"]
[EventType "swiss"]
[EventRounds "9"]
[EventCountry "ESP"]
[Source "lmi"]
[SourceDate "2015.07.20"]

1. e4 e6 2. Nf3 d5 3. Nc3 Nf6 4. e5 Nfd7 5. d4 c5 6. dxc5 Bxc5 7. Bd3 Nc6 8.
Bf4 a6 9. Qe2 b5 10. O-O h6 11. h4 Nd4 12. Nxd4 Bxd4 13. Qh5 Bxc3 14. bxc3 Nb6
15. Qg4 g6 16. Be3 Nc4 17. Bxc4 bxc4 18. Rfb1 Qc7 19. Qf4 Bd7 20. Rb6 h5 21.
Rab1 Bc8 22. Qf6 Rg8 23. Bg5 Kf8 24. Rd6 Bb7 25. Rxe6 1-0

[Event "España ch-2015 sub-16"]
[Site "Salobreña ESP"]
[Date "2015.07.20"]
[Round "1.24"]
[White "Garcia Martinez de la Hidalga, Alber"]
[Black "Serra Canals, Oriol"]
[Result "0-1"]
[WhiteElo "1732"]
[BlackElo "2100"]
[PlyCount "96"]
[EventDate "2015.07.20"]
[EventType "swiss"]
[EventRounds "9"]
[EventCountry "ESP"]
[Source "lmi"]
[SourceDate "2015.07.20"]

1. d4 e6 2. c4 d5 3. Nf3 Nf6 4. g3 c5 5. cxd5 exd5 6. Bg2 Nc6 7. O-O Be6 8. Nc3
c4 9. Bf4 Be7 10. Ne5 O-O 11. Nxc4 dxc4 12. d5 Qb6 13. dxe6 Qxb2 14. exf7+ Rxf7
15. Qc1 Ba3 16. Rb1 Qxc1 17. Bxc1 Bc5 18. Rxb7 Rxb7 19. Bxc6 Rab8 20. Bxb7 Rxb7
21. Bf4 Rb2 22. Na4 Rb5 23. Nxc5 Rxc5 24. Be3 Rc7 25. Rc1 Nd5 26. Bd4 Kf7 27.
Kg2 Ke6 28. e4 Nb4 29. a3 Nd3 30. Rc3 g6 31. f4 h5 32. Kf3 a6 33. h3 Nb2 34. g4
hxg4+ 35. hxg4 Nd3 36. f5+ gxf5 37. gxf5+ Kd6 38. Kg4 Rc8 39. Kh5 Nf4+ 40. Kg5
Ne2 41. Bf6 Rg8+ 42. Kh6 Nxc3 43. Bxc3 Rg3 44. e5+ Kd5 45. e6 Rxc3 46. e7 Re3
47. f6 Kd6 48. Kg7 Rb3 0-1

[Event "España ch-2015 sub-16"]
[Site "Salobreña ESP"]
[Date "2015.07.20"]
[Round "1.25"]
[White "Alfaya Marcelo, Roberto"]
[Black "Gillis Onieva, Celia"]
[Result "1-0"]
[WhiteElo "2097"]
[BlackElo "1723"]
[PlyCount "107"]
[EventDate "2015.07.20"]
[EventType "swiss"]
[EventRounds "9"]
[EventCountry "ESP"]
[Source "lmi"]
[SourceDate "2015.07.20"]

1. c4 c5 2. Nc3 Nc6 3. Nf3 g6 4. g3 Bg7 5. Bg2 e6 6. O-O Nge7 7. d3 d6 8. Bd2
O-O 9. Rb1 Rb8 10. a3 a6 11. b4 cxb4 12. axb4 b5 13. cxb5 axb5 14. Qb3 Qb6 15.
Ne4 Nd4 16. Nxd4 Bxd4 17. Bh6 Bg7 18. Bxg7 Kxg7 19. Ra1 Bb7 20. Ra5 Bxe4 21.
Bxe4 d5 22. Bg2 Nc6 23. Qc3+ Kg8 24. Ra2 Rfc8 25. Qd2 Ra8 26. Rfa1 Rxa2 27.
Rxa2 Qd4 28. Rc2 Ne7 29. Rxc8+ Nxc8 30. h4 Ne7 31. e3 Qa1+ 32. Kh2 Nc6 33. d4
Qa3 34. Bf1 Qxb4 35. Qxb4 Nxb4 36. Bxb5 Kg7 37. Kg2 Nc2 38. Kf3 Na3 39. Bd3 Nc4
40. Bxc4 dxc4 41. Ke2 Kf6 42. Kd2 Kf5 43. f3 h6 44. Kc3 g5 45. hxg5 hxg5 46.
e4+ Kg6 47. Kxc4 g4 48. fxg4 Kg5 49. d5 exd5+ 50. exd5 Kxg4 51. d6 Kxg3 52. d7
f5 53. d8=Q f4 54. Qg5+ 1-0

[Event "España ch-2015 sub-16"]
[Site "Salobreña ESP"]
[Date "2015.07.20"]
[Round "1.26"]
[White "Prohens Lopez, Aitor"]
[Black "Buiza Prieto, Eihartze"]
[Result "0-1"]
[WhiteElo "1723"]
[BlackElo "2095"]
[PlyCount "74"]
[EventDate "2015.07.20"]
[EventType "swiss"]
[EventRounds "9"]
[EventCountry "ESP"]
[Source "lmi"]
[SourceDate "2015.07.20"]

1. d4 d5 2. c4 Nc6 3. Nc3 dxc4 4. d5 Ne5 5. e4 Ng6 6. Bxc4 Nf6 7. h3 e5 8. Be3
a6 9. a3 Bd6 10. Nge2 Qe7 11. b4 O-O 12. O-O Nh5 13. Qd2 Nhf4 14. Nxf4 exf4 15.
Bd4 f3 16. g3 Bxh3 17. Rfe1 Ne5 18. Bxe5 Bxe5 19. Qe3 Qf6 20. Rac1 Bd4 21. Qd2
Qe5 22. Re3 Bxe3 23. Qxe3 Bg4 24. Bf1 h5 25. Qf4 Rfe8 26. Bd3 h4 27. Qxe5 Rxe5
28. Nd1 hxg3 29. fxg3 Rc8 30. Ne3 Bd7 31. Kf2 Bb5 32. Bxb5 axb5 33. Kxf3 Rce8
34. Rxc7 Rxe4 35. Nf5 R4e5 36. Nd6 Rd8 37. Nxf7 Rf5+ 0-1

[Event "España ch-2015 sub-16"]
[Site "Salobreña ESP"]
[Date "2015.07.20"]
[Round "1.27"]
[White "Ventura Bolet, Alexandre"]
[Black "Rebollo Montes, Bernardo"]
[Result "1/2-1/2"]
[WhiteElo "2087"]
[BlackElo "1718"]
[PlyCount "74"]
[EventDate "2015.07.20"]
[EventType "swiss"]
[EventRounds "9"]
[EventCountry "ESP"]
[Source "lmi"]
[SourceDate "2015.07.20"]

1. e4 d5 2. exd5 Qxd5 3. Nf3 Nf6 4. d4 Bg4 5. Be2 e6 6. h3 Bh5 7. Be3 c6 8. O-O
Bd6 9. c4 Qa5 10. Nc3 Nbd7 11. a3 O-O 12. Qb3 Qc7 13. Rfd1 Rad8 14. Rac1 a6 15.
Qa2 Bf4 16. Bxf4 Qxf4 17. b4 Nb6 18. g3 Qc7 19. a4 Rfe8 20. a5 Nbd7 21. Ng5
Bxe2 22. Qxe2 Qd6 23. Rb1 h6 24. Nf3 Qc7 25. Qe3 Kh8 26. Ne2 Kg8 27. Nf4 Nf8
28. Nd3 Rd6 29. Rb2 Ng6 30. Rbd2 Rdd8 31. Nde5 Nxe5 32. dxe5 Rxd2 33. Qxd2 Nh7
34. Qd7 Re7 35. Qd8+ Nf8 36. Qxc7 Rxc7 37. Kf1 Rd7 1/2-1/2

[Event "España ch-2015 sub-16"]
[Site "Salobreña ESP"]
[Date "2015.07.20"]
[Round "1.28"]
[White "Ereza Vizcarra, Fernando"]
[Black "Lacruz Algarate, Alvaro"]
[Result "0-1"]
[WhiteElo "1717"]
[BlackElo "2072"]
[PlyCount "69"]
[EventDate "2015.07.20"]
[EventType "swiss"]
[EventRounds "9"]
[EventCountry "ESP"]
[Source "lmi"]
[SourceDate "2015.07.20"]

1. d4 e6 2. Nf3 Nf6 3. Bf4 d5 4. e3 Bd6 5. Bg3 O-O 6. Bd3 c5 7. c3 Nc6 8. Nbd2
Qe7 9. Ne5 Bxe5 10. dxe5 Nd7 11. f4 f6 12. Nf3 fxe5 13. Bxh7+ Kxh7 14. Ng5+ Kg8
15. Qh5 Nf6 16. Qh4 e4 17. O-O-O Qe8 18. f5 Qh5 19. Qxh5 Nxh5 20. fxe6 Nxg3 21.
hxg3 Rf5 22. Nf7 Bxe6 23. Rh8+ Kxf7 24. Rxa8 Rf2 25. Rd2 Rxd2 26. Kxd2 a6 27.
Rh8 Ke7 28. b3 Bf7 29. Ke2 Kf6 30. Rc8 d4 31. exd4 cxd4 32. cxd4 Nxd4+ 33. Ke3
Nf5+ 34. Kxe4 Nd6+ 35. Kd4 0-1

[Event "España ch-2015 sub-16"]
[Site "Salobreña ESP"]
[Date "2015.07.20"]
[Round "1.29"]
[White "Vidal Fernandez, Pablo"]
[Black "Martinez Bernardo, Aitor"]
[Result "1-0"]
[WhiteElo "2057"]
[BlackElo "1716"]
[PlyCount "63"]
[EventDate "2015.07.20"]
[EventType "swiss"]
[EventRounds "9"]
[EventCountry "ESP"]
[Source "lmi"]
[SourceDate "2015.07.20"]

1. e4 e5 2. Nf3 d6 3. d4 exd4 4. Qxd4 Nf6 5. Bg5 Be7 6. Nc3 c6 7. O-O-O d5 8.
exd5 cxd5 9. Bxf6 Bxf6 10. Qxd5 O-O 11. Qxd8 Bxd8 12. Bc4 Bg4 13. Bxf7+ Kxf7
14. Ne5+ Kg8 15. Nxg4 Nc6 16. f3 Bb6 17. Nd5 h5 18. Nge3 Bxe3+ 19. Nxe3 Rfe8
20. Rhe1 Ne5 21. Nd5 Rac8 22. Re4 Kf7 23. c3 g5 24. Kc2 Nc4 25. Rde1 Rxe4 26.
Rxe4 Rd8 27. Rxc4 Rxd5 28. Rc7+ Kg6 29. Rxb7 a5 30. Rb6+ Kg7 31. c4 Rc5 32. Kd3
1-0

[Event "España ch-2015 sub-16"]
[Site "Salobreña ESP"]
[Date "2015.07.20"]
[Round "1.30"]
[White "Sanchez Sanchez, Javier"]
[Black "Jimenez Ruano, Adrian"]
[Result "0-1"]
[WhiteElo "1715"]
[BlackElo "2053"]
[PlyCount "50"]
[EventDate "2015.07.20"]
[EventType "swiss"]
[EventRounds "9"]
[EventCountry "ESP"]
[Source "lmi"]
[SourceDate "2015.07.20"]

1. d4 d5 2. Nf3 Nf6 3. e3 Bf5 4. c4 c6 5. Qb3 Qb6 6. Nc3 e6 7. c5 Qc7 8. Ne5
Nbd7 9. f4 Nxe5 10. fxe5 Nd7 11. Be2 Be7 12. O-O O-O 13. Bf3 b6 14. cxb6 Qxb6
15. Qxb6 Nxb6 16. b3 c5 17. Ba3 Rfc8 18. Nxd5 exd5 19. Bxd5 Nxd5 20. Rxf5 cxd4
21. e4 Bxa3 22. exd5 Rc5 23. d6 Rd5 24. Raf1 d3 25. Rxf7 d2 0-1

[Event "España ch-2015 sub-16"]
[Site "Salobreña ESP"]
[Date "2015.07.20"]
[Round "1.31"]
[White "Martin Carmona, Gaston Manuel"]
[Black "Perez Beltran, Salvador"]
[Result "1-0"]
[WhiteElo "2049"]
[BlackElo "1699"]
[PlyCount "99"]
[EventDate "2015.07.20"]
[EventType "swiss"]
[EventRounds "9"]
[EventCountry "ESP"]
[Source "lmi"]
[SourceDate "2015.07.20"]

1. e4 c5 2. Nf3 e6 3. d4 cxd4 4. Nxd4 Nc6 5. Nc3 Qc7 6. Be2 a6 7. O-O Nf6 8.
Be3 Bb4 9. Na4 b5 10. Nxc6 Qxc6 11. Nb6 Rb8 12. Nxc8 Rxc8 13. Bd3 Bc5 14. Qf3
Bxe3 15. Qxe3 O-O 16. c3 h6 17. e5 Nd5 18. Qe4 g6 19. h4 Ne7 20. Qf4 Kh7 21. h5
Nd5 22. Qh4 Qc7 23. Qe4 Rg8 24. a4 Rb8 25. axb5 axb5 26. Ra2 Qd8 27. Ra7 Rg7
28. Qg4 Ne7 29. Be4 Rb6 30. Rd1 d5 31. Qh4 Nc6 32. Qxd8 Nxd8 33. Bc2 Nc6 34.
Rxf7 Rxf7 35. hxg6+ Kg7 36. gxf7 Kxf7 37. f4 Ra6 38. Bd3 Na7 39. g4 Ra4 40. Rf1
Ra2 41. Rf2 Ra1+ 42. Kg2 Rd1 43. Bf1 d4 44. cxd4 Rxd4 45. Kg3 b4 46. Rc2 Rd7
47. Bc4 Rd1 48. f5 Ke7 49. Bxe6 Rd3+ 50. Kh4 1-0

[Event "España ch-2015 sub-16"]
[Site "Salobreña ESP"]
[Date "2015.07.20"]
[Round "1.32"]
[White "Andrade Sandoval, Jim Carlos"]
[Black "Porlan Minarro, Antonio"]
[Result "1-0"]
[WhiteElo "1697"]
[BlackElo "2040"]
[PlyCount "79"]
[EventDate "2015.07.20"]
[EventType "swiss"]
[EventRounds "9"]
[EventCountry "ESP"]
[Source "lmi"]
[SourceDate "2015.07.20"]

1. d4 e6 2. Nf3 Nf6 3. Bf4 c5 4. e3 b6 5. c3 Bb7 6. Nbd2 Be7 7. Bd3 Nc6 8. Nc4
d6 9. a4 Nh5 10. Bg3 Nxg3 11. hxg3 f5 12. Nh4 Bxh4 13. Rxh4 Qe7 14. dxc5 bxc5
15. Be2 O-O-O 16. a5 d5 17. a6 Ba8 18. Na5 e5 19. Qc2 g6 20. b4 Qc7 21. Nxc6
Qxc6 22. b5 Qb6 23. Raa4 Rd7 24. g4 Qf6 25. gxf5 gxf5 26. Rh5 e4 27. g4 f4 28.
Rf5 Qh6 29. Rxf4 Kd8 30. Qb2 d4 31. cxd4 cxd4 32. Rxd4 Re8 33. Rxd7+ Kxd7 34.
Rf7+ Ke6 35. Bc4+ Bd5 36. Bxd5+ Kxd5 37. Qd4+ Ke6 38. Qc4+ Ke5 39. Rf5+ Kd6 40.
Qc6+ 1-0

[Event "España ch-2015 sub-16"]
[Site "Salobreña ESP"]
[Date "2015.07.20"]
[Round "1.33"]
[White "Ros Alonso, Jaume"]
[Black "Dorado Meijide, Andrea"]
[Result "0-1"]
[WhiteElo "2028"]
[BlackElo "1696"]
[PlyCount "107"]
[EventDate "2015.07.20"]
[EventType "swiss"]
[EventRounds "9"]
[EventCountry "ESP"]
[Source "lmi"]
[SourceDate "2015.07.20"]

1. e4 e6 2. d4 d5 3. Nd2 dxe4 4. Nxe4 Bd7 5. Nf3 Bc6 6. Bd3 Nd7 7. O-O Be7 8.
b3 Ngf6 9. Ng3 O-O 10. c4 b6 11. Bb2 Bb7 12. Qe2 c5 13. Rad1 Re8 14. Bb1 Qc7
15. Ne5 Rad8 16. Rfe1 cxd4 17. Bxd4 Bc5 18. Bxc5 Nxc5 19. b4 Nce4 20. Ng4 Nxg4
21. Qxg4 Nf6 22. Qh4 Qc6 23. f3 Rxd1 24. Rxd1 Qa4 25. Rf1 Qxb4 26. Ne4 Nxe4 27.
fxe4 Qxc4 28. Qf4 e5 29. Qg4 Ba6 30. Rd1 Bc8 31. Qg5 f6 32. Qd2 Bg4 33. Rc1
Qd4+ 34. Qxd4 exd4 35. h3 Be2 36. Kf2 d3 37. Rc3 Rd8 38. Ke3 d2 39. Bc2 d1=Q
40. Bxd1 Bxd1 41. Rc7 a5 42. Rc6 Rb8 43. g4 Ba4 44. Rc7 Re8 45. Kd3 Kf8 46. Rb7
Re6 47. Rb8+ Kf7 48. Rb7+ Kg6 49. Rc7 Rd6+ 50. Ke3 Rc6 51. Rb7 Bc2 52. h4 Re6
53. h5+ Kh6 54. Kd4 0-1

[Event "España ch-2015 sub-16"]
[Site "Salobreña ESP"]
[Date "2015.07.20"]
[Round "1.34"]
[White "Jimenez Anders, Valentin"]
[Black "Aledo Yanguas, Javier"]
[Result "0-1"]
[WhiteElo "1695"]
[BlackElo "2017"]
[PlyCount "94"]
[EventDate "2015.07.20"]
[EventType "swiss"]
[EventRounds "9"]
[EventCountry "ESP"]
[Source "lmi"]
[SourceDate "2015.07.20"]

1. d4 d5 2. g3 c6 3. Bg2 Bf5 4. Nf3 Nd7 5. O-O e6 6. c4 Bd6 7. cxd5 cxd5 8. Nc3
a6 9. Be3 Ne7 10. Nh4 b5 11. Qd2 Nb6 12. b3 Rc8 13. Nxf5 Nxf5 14. Qd3 Nxe3 15.
Qxe3 Ba3 16. Rad1 O-O 17. Nb1 Be7 18. Rc1 Qd7 19. Qd2 h6 20. Qb2 a5 21. Nd2 b4
22. Rfd1 a4 23. e3 a3 24. Qa1 Na8 25. Bf1 Nc7 26. Qb1 Nb5 27. Bxb5 Qxb5 28. Nf1
h5 29. Rc2 h4 30. Rdc1 Qb7 31. f3 hxg3 32. hxg3 g6 33. Rxc8 Rxc8 34. Rc2 Bd6
35. Kg2 e5 36. Qc1 Rxc2+ 37. Qxc2 Qe7 38. Qd2 Qe6 39. Qd3 Bf8 40. Qd2 Qf5 41.
Kf2 Qf6 42. dxe5 Qxe5 43. Qd4 Qf5 44. Kg2 Qb1 45. Qd2 Bg7 46. Qxb4 Qxa2+ 47.
Nd2 Qb2 0-1

[Event "España ch-2015 sub-16"]
[Site "Salobreña ESP"]
[Date "2015.07.20"]
[Round "1.36"]
[White "Pulido Esteban, Francisco Daniel"]
[Black "Garcia Sobrino, David"]
[Result "1-0"]
[WhiteElo "1692"]
[BlackElo "2011"]
[PlyCount "87"]
[EventDate "2015.07.20"]
[EventType "swiss"]
[EventRounds "9"]
[EventCountry "ESP"]
[Source "lmi"]
[SourceDate "2015.07.20"]

1. d4 Nf6 2. c4 g6 3. Nc3 Bg7 4. e4 d6 5. f3 O-O 6. Be3 Nc6 7. Qd2 Rb8 8. d5
Ne5 9. Bxa7 Ra8 10. Be3 e6 11. Bd3 Re8 12. Nge2 Nfd7 13. b3 Nxd3+ 14. Qxd3 Ne5
15. Qd2 exd5 16. cxd5 b5 17. Nd4 b4 18. Nce2 Ba6 19. O-O Nd3 20. Nc1 Nc5 21.
Re1 Qb8 22. Nc6 Qb6 23. Bd4 Bb5 24. Bxg7 Nxb3+ 25. Qf2 Qxf2+ 26. Kxf2 Nxa1 27.
Bxa1 Bxc6 28. dxc6 Ra6 29. Re2 Rxc6 30. Nd3 Rc4 31. Rb2 c5 32. Rd2 Ra8 33. Bf6
Ra6 34. Nf4 Kf8 35. Nd5 Rc6 36. Ne3 Rc1 37. e5 Ke8 38. exd6 Kd7 39. Be7 c4 40.
Ng4 c3 41. Nf6+ Ke6 42. Re2+ Kf5 43. g4+ Kg5 44. Ng8+ 1-0

[Event "España ch-2015 sub-16"]
[Site "Salobreña ESP"]
[Date "2015.07.20"]
[Round "1.37"]
[White "Rodriguez Mellado, Antonio"]
[Black "Rodriguez Redondo, Ethan"]
[Result "1/2-1/2"]
[WhiteElo "2007"]
[BlackElo "1686"]
[PlyCount "107"]
[EventDate "2015.07.20"]
[EventType "swiss"]
[EventRounds "9"]
[EventCountry "ESP"]
[Source "lmi"]
[SourceDate "2015.07.20"]

1. e4 c5 2. Nf3 e6 3. d4 cxd4 4. Nxd4 Nc6 5. Nc3 Qc7 6. Ndb5 Qb8 7. Be3 Nf6 8.
f4 a6 9. Nd4 Bb4 10. Nxc6 bxc6 11. Bd3 a5 12. O-O Ba6 13. e5 Nd5 14. Nxd5 cxd5
15. Qg4 g6 16. Bxa6 Rxa6 17. Kh1 h5 18. Qe2 Rc6 19. c3 Be7 20. a3 a4 21. Rad1
Qb3 22. Rf3 Qc4 23. Qc2 Qb5 24. h3 h4 25. Bd4 Rh5 26. Rb1 Qc4 27. Rd3 Qa2 28.
Rdd1 Qc4 29. Be3 Qa6 30. Rd4 Rc4 31. Rxc4 Qxc4 32. Rd1 Qb5 33. Qd3 Qxd3 34.
Rxd3 Rf5 35. Kh2 g5 36. g3 gxf4 37. Bxf4 Bc5 38. Rf3 hxg3+ 39. Kxg3 d4 40. Kg4
dxc3 41. Rxc3 Bd4 42. Rc8+ Ke7 43. Bg5+ Rxg5+ 44. Kxg5 Bxb2 45. Ra8 Bxa3 46.
Rxa4 Bb2 47. Ra5 Bxe5 48. h4 Bf6+ 49. Kg4 Kf8 50. h5 Kg7 51. Ra7 d5 52. Rd7 Be5
53. Kg5 Bf6+ 54. Kg4 1/2-1/2

[Event "España ch-2015 sub-16"]
[Site "Salobreña ESP"]
[Date "2015.07.20"]
[Round "1.38"]
[White "Pena Aragon, Sergio"]
[Black "Fernandez Lopez, Alejandro I"]
[Result "1-0"]
[WhiteElo "1677"]
[BlackElo "2007"]
[PlyCount "63"]
[EventDate "2015.07.20"]
[EventType "swiss"]
[EventRounds "9"]
[EventCountry "ESP"]
[Source "lmi"]
[SourceDate "2015.07.20"]

1. c4 Nf6 2. Nc3 g6 3. Nf3 Bg7 4. g3 O-O 5. Bg2 d6 6. O-O e5 7. d4 Nbd7 8. Rb1
Re8 9. b4 e4 10. Ng5 Nf8 11. Ngxe4 Nxe4 12. Bxe4 Bh3 13. Re1 Rb8 14. Bg2 Bxg2
15. Kxg2 c5 16. bxc5 dxc5 17. Bf4 Bxd4 18. Bxb8 Bxc3 19. Qxd8 Rxd8 20. Rec1
Rxb8 21. Rxc3 Ne6 22. Rd3 Nd4 23. e3 Nc6 24. Rd5 b6 25. Rd7 Ne5 26. Rxa7 Nxc4
27. Ra4 Nd6 28. Ra6 Nc4 29. a4 Rb7 30. a5 b5 31. Ra8+ Kg7 32. a6 1-0

[Event "España ch-2015 sub-16"]
[Site "Salobreña ESP"]
[Date "2015.07.20"]
[Round "1.39"]
[White "Martinez Pla, Xavier"]
[Black "Toledo Vicedo, Beltran"]
[Result "1-0"]
[WhiteElo "2005"]
[BlackElo "1671"]
[PlyCount "89"]
[EventDate "2015.07.20"]
[EventType "swiss"]
[EventRounds "9"]
[EventCountry "ESP"]
[Source "lmi"]
[SourceDate "2015.07.20"]

1. e4 e5 2. Nf3 Nc6 3. Bb5 a6 4. Ba4 Nf6 5. O-O Be7 6. Re1 d6 7. Bxc6+ bxc6 8.
d4 Bg4 9. dxe5 Bxf3 10. Qxf3 dxe5 11. Qg3 Qd6 12. Qxg7 Rg8 13. Qh6 Rg6 14. Qe3
Ng4 15. Qe2 Qf6 16. g3 Bc5 17. Be3 Bxe3 18. fxe3 Qg7 19. Nd2 Rd8 20. Nf1 Rf6
21. Rad1 Rxd1 22. Rxd1 Rd6 23. Rxd6 cxd6 24. Qxa6 Kd7 25. h3 Nf6 26. Qb7+ Ke6
27. Qxc6 h5 28. Qc8+ Ke7 29. Qf5 h4 30. g4 Qg8 31. Nd2 Qa8 32. g5 Nd7 33. a3
Qc6 34. c3 Qc5 35. Qf2 Qb6 36. Nf1 Qb7 37. Qxh4 Qxb2 38. g6+ Kf8 39. Qd8+ Kg7
40. Qxd7 Kxg6 41. Qxd6+ f6 42. c4 Qe2 43. Qe6 Qa2 44. Ng3 Qxa3 45. Qg8+ 1-0

[Event "España ch-2015 sub-16"]
[Site "Salobreña ESP"]
[Date "2015.07.20"]
[Round "1.40"]
[White "Huarte Zozaya, Aitor"]
[Black "Galiana Fernandez, Adrian"]
[Result "0-1"]
[WhiteElo "1666"]
[BlackElo "2004"]
[PlyCount "60"]
[EventDate "2015.07.20"]
[EventType "swiss"]
[EventRounds "9"]
[EventCountry "ESP"]
[Source "lmi"]
[SourceDate "2015.07.20"]

1. e4 c5 2. Nf3 e6 3. c4 Nc6 4. Nc3 Nf6 5. Be2 d6 6. O-O Bd7 7. d4 cxd4 8. Nxd4
Nxd4 9. Qxd4 Be7 10. Be3 O-O 11. Rfd1 Bc6 12. f3 Qb8 13. Rac1 Bd8 14. Qd2 Bc7
15. Bg5 d5 16. g3 Bb6+ 17. Kg2 dxe4 18. Bxf6 exf3+ 19. Bxf3 Bxf3+ 20. Kxf3 gxf6
21. Qh6 Qe5 22. Kg2 Be3 23. Qh4 Bxc1 24. Rxc1 Qg5 25. Qxg5+ fxg5 26. Ne4 Rfd8
27. Rc2 h6 28. c5 Rac8 29. b4 f5 30. Nd2 Kf7 0-1

[Event "España ch-2015 sub-16"]
[Site "Salobreña ESP"]
[Date "2015.07.20"]
[Round "2.1"]
[White "Plazuelo Pascual, Juan"]
[Black "Gonzalez Capacete, Jose Miguel"]
[Result "1-0"]
[WhiteElo "2335"]
[BlackElo "1977"]
[PlyCount "66"]
[EventDate "2015.07.20"]
[EventType "swiss"]
[EventRounds "9"]
[EventCountry "ESP"]
[Source "lmi"]
[SourceDate "2015.07.20"]

1. d4 Nf6 2. c4 g6 3. f3 d5 4. cxd5 Nxd5 5. e4 Nb6 6. Nc3 Bg7 7. Be3 O-O 8. Qd2
e5 9. d5 c6 10. Rd1 cxd5 11. exd5 Qh4+ 12. Bf2 Qb4 13. a3 Qb3 14. Bd3 N8d7 15.
Nge2 Nc4 16. Bxc4 Qxc4 17. O-O Nf6 18. Ng3 Rd8 19. Nge4 Be6 20. Bh4 Nxe4 21.
fxe4 Qc5+ 22. Qf2 Qxf2+ 23. Rxf2 Bg4 24. Rdf1 Rd7 25. h3 Bh5 26. g4 g5 27. Bxg5
Bg6 28. Bf6 Bf8 29. Kh2 Bc5 30. Re2 Re8 31. h4 h6 32. h5 Bh7 33. g5 Ra8 1-0

[Event "España ch-2015 sub-16"]
[Site "Salobreña ESP"]
[Date "2015.07.20"]
[Round "2.2"]
[White "Goni Navarro, Pablo"]
[Black "Santos Ruiz, Miguel"]
[Result "0-1"]
[WhiteElo "1978"]
[BlackElo "2329"]
[PlyCount "40"]
[EventDate "2015.07.20"]
[EventType "swiss"]
[EventRounds "9"]
[EventCountry "ESP"]
[Source "lmi"]
[SourceDate "2015.07.20"]

1. c4 b6 2. e4 Bb7 3. Nc3 e6 4. g3 f5 5. d3 Nf6 6. Bg2 fxe4 7. dxe4 Bc5 8. Nh3
O-O 9. O-O e5 10. Kh1 Bd4 11. Nd5 Nxd5 12. exd5 c6 13. Be4 Qf6 14. Ng5 g6 15.
f4 cxd5 16. cxd5 Na6 17. f5 Nc5 18. Nxh7 Qd6 19. fxg6 Qxd5 20. Ng5 Qxe4+ 0-1

[Event "España ch-2015 sub-16"]
[Site "Salobreña ESP"]
[Date "2015.07.20"]
[Round "2.3"]
[White "Perez Garcia, Alejandro"]
[Black "Lagos Lejarraga, Jon"]
[Result "1-0"]
[WhiteElo "2322"]
[BlackElo "1965"]
[PlyCount "43"]
[EventDate "2015.07.20"]
[EventType "swiss"]
[EventRounds "9"]
[EventCountry "ESP"]
[Source "lmi"]
[SourceDate "2015.07.20"]

1. Nf3 d5 2. e3 Nf6 3. b3 e6 4. Bb2 Be7 5. g3 O-O 6. c4 c5 7. Bg2 Nc6 8. O-O
dxc4 9. bxc4 Rb8 10. Qe2 Re8 11. Nc3 b6 12. Rfd1 Bf8 13. d4 cxd4 14. Nxd4 Nxd4
15. Rxd4 Bd7 16. Rad1 Qc7 17. Ne4 Nxe4 18. Rxd7 Qc6 19. Qg4 Qxc4 20. Bxe4 Qxa2
21. Qh5 f5 22. Qf7+ 1-0

[Event "España ch-2015 sub-16"]
[Site "Salobreña ESP"]
[Date "2015.07.20"]
[Round "2.4"]
[White "Llamas Guevara, Francisco Jose"]
[Black "Domingo Nunez, Ruben"]
[Result "0-1"]
[WhiteElo "1945"]
[BlackElo "2205"]
[PlyCount "58"]
[EventDate "2015.07.20"]
[EventType "swiss"]
[EventRounds "9"]
[EventCountry "ESP"]
[Source "lmi"]
[SourceDate "2015.07.20"]

1. e4 e6 2. d3 d5 3. Nd2 Nf6 4. g3 Nc6 5. Bg2 dxe4 6. Nxe4 Be7 7. Ne2 e5 8. h3
Nxe4 9. Bxe4 f5 10. Bg2 O-O 11. O-O Be6 12. Nc3 Qd7 13. f4 Bf6 14. Re1 exf4 15.
Bxf4 Nd4 16. Qd2 Rae8 17. Kh1 c6 18. Na4 b6 19. c3 Nb5 20. d4 Nd6 21. b3 Ne4
22. Bxe4 fxe4 23. h4 Bg4 24. Re3 Bf3+ 25. Kg1 Bxh4 26. Qh2 Rxf4 27. gxf4 Qg4+
28. Kf1 Rf8 29. Re2 Bxe2+ 0-1

[Event "España ch-2015 sub-16"]
[Site "Salobreña ESP"]
[Date "2015.07.20"]
[Round "2.5"]
[White "Domingo Nunez, Alejandro"]
[Black "Porta Tovar, Guillem"]
[Result "1-0"]
[WhiteElo "2197"]
[BlackElo "1945"]
[PlyCount "47"]
[EventDate "2015.07.20"]
[EventType "swiss"]
[EventRounds "9"]
[EventCountry "ESP"]
[Source "lmi"]
[SourceDate "2015.07.20"]

1. e4 e5 2. Nf3 Nc6 3. Bc4 Bc5 4. c3 Nf6 5. d3 d6 6. Bb3 a6 7. Nbd2 Ba7 8. Nf1
Ng4 9. d4 exd4 10. cxd4 Qe7 11. Ng3 Be6 12. h3 Bxb3 13. Qxb3 Nf6 14. Qxb7 Kd7
15. Qb3 Nxe4 16. Nxe4 Qxe4+ 17. Be3 Rhe8 18. O-O f6 19. Rac1 Rab8 20. Qc4 Rb4
21. Qxa6 Bxd4 22. Nxd4 Nxd4 23. Bxd4 Qxd4 24. Qc6+ 1-0

[Event "España ch-2015 sub-16"]
[Site "Salobreña ESP"]
[Date "2015.07.20"]
[Round "2.6"]
[White "Laiz Ibanez, Hector"]
[Black "Chao Vale, Fernando"]
[Result "1-0"]
[WhiteElo "2180"]
[BlackElo "1937"]
[PlyCount "69"]
[EventDate "2015.07.20"]
[EventType "swiss"]
[EventRounds "9"]
[EventCountry "ESP"]
[Source "lmi"]
[SourceDate "2015.07.20"]

1. Nf3 Nf6 2. g3 g6 3. Bg2 Bg7 4. c4 d6 5. d4 O-O 6. O-O Nc6 7. d5 Na5 8. Qa4
c5 9. dxc6 Nxc6 10. Nc3 Bd7 11. Qc2 Qc8 12. Bd2 Bh3 13. Rac1 Bxg2 14. Kxg2 Ng4
15. b3 Nge5 16. Nxe5 Nxe5 17. Nd5 Qd7 18. f4 Nc6 19. Bc3 f5 20. Bxg7 Kxg7 21.
e4 Kg8 22. Rfe1 e6 23. Nc3 e5 24. exf5 gxf5 25. Qd2 e4 26. Qd5+ Kg7 27. g4 Nb4
28. Qd4+ Kg8 29. gxf5 Nd3 30. Rg1 Nxc1 31. Kh1+ Kf7 32. Rg7+ Ke8 33. Qxe4+ Kd8
34. Rxd7+ Kxd7 35. Qxb7+ 1-0

[Event "España ch-2015 sub-16"]
[Site "Salobreña ESP"]
[Date "2015.07.20"]
[Round "2.7"]
[White "Martin Iribar, Ander"]
[Black "Nieves Cabanes, Jose Manuel"]
[Result "1/2-1/2"]
[WhiteElo "1935"]
[BlackElo "2180"]
[PlyCount "61"]
[EventDate "2015.07.20"]
[EventType "swiss"]
[EventRounds "9"]
[EventCountry "ESP"]
[Source "lmi"]
[SourceDate "2015.07.20"]

1. d4 Nf6 2. c4 e6 3. g3 d5 4. Nf3 Bb4+ 5. Bd2 Be7 6. Bg2 O-O 7. O-O Nbd7 8.
Qc2 c6 9. Bf4 Re8 10. Rd1 Nf8 11. Ne5 Ng6 12. Nxg6 hxg6 13. Bg5 dxc4 14. Qxc4
e5 15. Bxf6 Bxf6 16. d5 cxd5 17. Bxd5 Qe7 18. Nc3 Bf5 19. Ne4 Rac8 20. Qa4 b5
21. Qb3 Red8 22. Qxb5 Rb8 23. Qa5 Bxe4 24. Bxe4 Rxd1+ 25. Rxd1 Rxb2 26. Rd2
Rxd2 27. Qxd2 g5 28. Bd5 g6 29. Qd3 Kg7 30. Bb3 Qc7 31. Qc4 1/2-1/2